000 00638nam a2200229 a 4500
005 20210219153151.0
008 991125n 000 0 u
035 _aUPN01000081416
100 _aStronach, Ian
222 _aSCOTTISH EDUCATIONAL REVIEW
245 _aThe "howie report" : A glossary and a commentary
300 _a93-104
362 _a24, No. 2, 1992
505 _aJulio 1993
653 0 _aACTITUDES EDUCATIVAS
653 0 _aECONOMIA EDUCATIVA
653 0 _aMOVILIDAD EDUCATIVA
653 0 _aOBJETIVOS EDUCATIVOS
653 0 _aTRAYECTORIA DEL SISTEMA (EDUCACION)
904 _aAC
_b019227
905 _aArticulo
999 _c69977
_d69977